Paroles "M'envoler" de Jeck et Carla - Statistiques

Statistiques générales
  • Ce quiz a été pris 156 fois
  • Le résultat moyen est 212 sur 280
Statistiques - réponses
Paroles % Correct
Là,
97%
la
97%
m'envoler
97%
m'envoler,
97%
le
94%
a
93%
à
93%
de
93%
sur
93%
Tour
93%
J'veux
92%
j'veux
92%
un
92%
Un
92%
ton
91%
une
91%
Une
91%
soir
90%
Eiffel
89%
Graver
89%
les
89%
nom
88%
au
85%
du
85%
Et
85%
et
85%
pour
85%
t'aimer
85%
tempêtes
85%
Je
84%
matin
83%
Encore
81%
nous
78%
"nous"
78%
heure
77%
ciel
76%
elle
76%
mon
76%
Que
76%
que
76%
ce
75%
cœur
75%
mille
75%
moi
75%
75%
ou
75%
marées,
74%
roses
74%
roses.
74%
vents,
74%
toi
73%
arrose
72%
Braver
72%
Chanter
70%
vie
70%
comme
69%
il
69%
est
68%
fallait
67%
on
67%
viendra
67%
ici
66%
S'il
66%
bonheur
65%
dans
65%
pas
65%
Toujours
65%
ailleurs
64%
cette
64%
s'assombrisse
64%
odeur
61%
plus
61%
désert
60%
parfum,
60%
prendra
60%
Rien
59%
dix
58%
revoir
58%
ans
57%
d'humeur
57%
j'suis
57%
Dernier
56%
tard
56%
autant
55%
Dis-moi
55%
noir
55%
broie
53%
nos
53%
Nos
53%
d'erreurs
52%
deux
51%
âmes
50%
coulé,
50%
J'inonderais
49%
dernière
48%
L'eau
48%
sœurs.
48%
danse
47%
regard
47%
ces
45%
larmes
43%
meurent
43%
cœurs.
41%
Envole
40%
effacent
39%
peurs.
39%
faire
38%
heures
38%
fuir
36%
histoire
36%
passées
35%
torturer
35%
fleurs
34%
meilleur
34%
autrefois
33%
mémoires
32%
notre
31%
Dernières
30%
S'abandonner,
28%
lendemains
27%
Aucun quiz correspondant
Distribution des résultats
% des personnes avec chaque résultat
Percentile par nombre de réponses
Votre historique - résultats
Vous n’avez pas pris ce quiz